421 - Zákonný rezervný fond

Ekonomické vymedzenie pojmu ziskové fondy. Tvorba rezervného fondu v akciovej spoločnosti a v spoločnosti s ručením obmedzeným. Účtovné vymedzenie pojmu. Príklad tvorby analylických účtov k syntetickému účtu. Prípadové štúdie.

Gespeichert in:
Bibliographische Detailangaben
1. Verfasser: Kastlerová, Sylvia
Format: Buchkapitel
Sprache:Slowakisch
Schlagworte:
Tags: Tag hinzufügen
Keine Tags, Fügen Sie das erste Tag hinzu!

MARC

LEADER 00000naa$a2200000$$$4500
001 0051301
005 20240502071610.3
041 0 |a slo 
044 |a SK 
245 1 0 |a 421 - Zákonný rezervný fond  |c Sylvia Kastlerová 
520 |a Ekonomické vymedzenie pojmu ziskové fondy. Tvorba rezervného fondu v akciovej spoločnosti a v spoločnosti s ručením obmedzeným. Účtovné vymedzenie pojmu. Príklad tvorby analylických účtov k syntetickému účtu. Prípadové štúdie. 
610 2 0 |a jednotka účtovná 
610 2 0 |a spoločnosti akciové 
610 2 0 |a spoločnosti s r.o. 
610 2 0 |a fond rezervný 
610 2 0 |a evidencia analytická 
610 2 0 |a účty analytické 
610 2 0 |a účty syntetické 
100 1 |a Kastlerová, Sylvia